000 01557nam a22002777a 4500
005 20150923094005.0
008 150923n fr ||||fr|||| 001 0dspa d
040 _cSandra Yazo
_dSandra Yazo
041 1 _aspa
082 0 4 _220
_a193
092 _aE37N078
100 1 _aGillouin, René
_971686
245 1 0 _aKant
_bTrozos escogidos con estudios del sistema filosófico y nocticias biográficas y bibliográficas
_cpor René Gillouin ; Traducción de Anselmo González y J. Gómez de Fabián
260 _aParís (Francia)
_bSociedad de ediciones Luis - Michaud
_c[fecha desconocida]
300 _a22 páginas
_c19 x 12 cm.
490 4 _aLos grandes filósofos franceses y extranjeros
500 _aDetalles físicos: Encuadernación flexible en cartulina. Tapa con ilustración y algunos datos de publicación impresos en dos tintas. Hoja de cortesía. Anteportada. Portada impresa en una sola tinta. Texto en una sola columna. Algunas ilustraciones entre el texto. Notas al pie de página. Ejemplar empieza a desencuadernarse
505 0 _aKant, su vida, su filosofía ; Bibliografía ; Trozos escogidos de las obras de Kant: Teoría del conocimiento ; Filosofía moral y religiosa ; Estética y teleología
506 _aConsulta en sala
600 1 4 _929776
_aKant, Immanuel
_d1724-1804
_x Colecciones de escritos
650 7 _949628
_aFilosofía alemana
690 _942814
_aFilosofía
700 1 _aGonzález, Anselmo
_etraductor
_971687
700 1 _aGómez de Fabián, J.
_etraductor
_971688
942 _2LOCAL
_cLIBRO
_e1
_hE37N078
999 _c301577
_d301577